| 000 | 01342nam a2200217 i 4500 | ||
|---|---|---|---|
| 001 | 128878 | ||
| 003 | ES-MaACL | ||
| 005 | 20250824075105.0 | ||
| 007 | t| | ||
| 008 | 070529s1970 sp a 0011d spa d | ||
| 245 | 0 | 0 |
_aTeatro breve hispanoamericano contemporáneo / _cselección, prólogo y notas por Carlos Solórzano. |
| 260 |
_a[Madrid] : _bAguilar, _c[1970] |
||
| 300 |
_a362 p. : _bil. ; _c20 cm. |
||
| 490 | 1 | _aTeatro contemporáneo | |
| 505 | 0 | _aHistoria del hombre que se convirtió en perro / Oswaldo Dragún. El apuntador / Carlos Maggi. Historia de un número / Josefina Pla. La campana / Julio Ortega. Las sobras para el gusano / Francisco Tobar-García. Las pinzas / Román Chalbaud. Remington 22 / Gustavo Andrade Rivera. Estudio en blanco y negro / Virgilio Piñero. Un cuento de hadas / Francisco Arriví. Fábula de los cinco caminantes / Iván García. Segundo asalto / José de Jesús Martínez. Algo más que dos sueños / Alberto Cañas. Ancestral 66 / Alberto Icaza. El circo y otras piezas falsas / Álvaro Méndez Desleal. Los fantoches / Carlos Solórzano. La señora en su balcón / Elena Garro | |
| 650 | 1 | 4 |
_aTeatro hispanoamericano- _yS.XX. _917370 |
| 700 | 1 |
_aSolórzano, Carlos. _9107241 |
|
| 830 | 1 | 0 |
_aTeatro contemporáneo (Aguilar) _9186750 |
| 852 |
_aES-MaACL _jC-39999 |
||
| 999 |
_c128878 _d128878 |
||